Normal view
MARC view
Entry Personal Name
001 - CONTROL NUMBER
- control field: 572829
003 - CONTROL NUMBER IDENTIFIER
- control field:
005 - DATE AND TIME OF LATEST TRANSACTION
- control field: 20210602182848.0
008 - FIXED-LENGTH DATA ELEMENTS
- fixed length control field: 210602|| aca||aabn | a|a d
040 ## - CATALOGING SOURCE
- Original cataloging agency:
- Transcribing agency:
100 ## - HEADING--PERSONAL NAME
- Personal name: Gupta, S. S.
- Fuller form of name: (Sudhagar Sah)
670 ## - SOURCE DATA FOUND
- Source citation: Work cat.: (): Verma, B. C. (Baldev Chandra) 572827, Pictorial catalogue of Siwalik vertebrate fossils from Northwest Himalaya = :, 2002
